| 000 | 00802cam a2200229 4500 | ||
|---|---|---|---|
| 001 | ABS62452 | ||
| 008 | 000000n2000 000 0 eng u | ||
| 035 | _a(Sirsi) u106750 | ||
| 100 | _aBarnes, R. | ||
| 245 | _aIn the fast food lane | ||
| 260 | _c2000 | ||
| 490 |
_aProperty Week _v65(24) 16 June 2000, 67-69(2) |
||
| 520 | _aConsiders the fierce competition between the major fast food operators to secure prime roadside locations for their outlets. Despite tight planning restrictions the property industry is set to benefit from this increasing demand. | ||
| 590 | _aABS | ||
| 650 | _aFAST FOOD OPERATORS | ||
| 650 | _aMCDONALD'S | ||
| 650 | _aKFC | ||
| 650 | _aBURGER KING | ||
| 650 | _aDEVELOPMENT STRATEGY | ||
| 690 | _aPROPERTY-COMMERCIAL PROPERTY-RETAIL PROPERTY | ||
| 942 | _n0 | ||
| 999 |
_c63889 _d63889 |
||